00441nam a2200181Ia 4500008004100000020001800041050001400059100002100073245001200094245005200106260001500158260001600173260000900189300001600198300002700214300001000241500000800251170918s9999 xx 000 0 und d a9780439353625 bC623 1973 aClearly, Beverly aSocks / cBeverly Clearly ; illustrated by Alan Tiegreen. aNew York : bScholastic, c1973 a156 pages : bcolored illustration ; c19cm. a890